000 00843nac a22002291u 4500
010 _a 75308052
020 _a0632024526
082 0 0 _a616.89
_bW6791
090 _c3639
_d3639
100 _aWillis, James H.
245 1 0 _aLecture notes on psychiatry /
_cJames Willis and J. A. Marks
250 _a7th ed.
260 _aOxford [etc.] :
_bBlackwell Scientific,1989
_c1989
300 _axi, 123 p. ;
_c20cm.
500 _aDistributed in the U.S.A. by J. B. Lippincott, Philadelphia.
500 _aDonations - Bibliotheca Alexandrina
504 _aIncludes bibliographies and index.
650 0 _aPsychiatry
_xOutlines, syllabi, etc.
700 _aMarks, J. A.
942 _cBB
_k616.89W6791
999 _c3639
_d3639